Štúdium génov kódujúcich biosyntézu tylozínu diplomová práca

Enregistré dans:
Détails bibliographiques
Auteur principal: Hapčo, Dávid
Format: Livre
Langue:slovaque
Publié: Bratislava FCHPT STU 2016
Accès en ligne:Voir à l'OPAC
Tags: Ajouter un tag
Pas de tags, Soyez le premier à ajouter un tag!

MARC

LEADER 00000nam a2200000 a 4500
005 20260127134232.0
008 160621 2016 000 0 slo d
035 |a vtls011561627 
039 9 |a 201606230901  |b mschk03  |y 201606210925  |z mschk03 
040 |a STUSCHK1  |b slo  |c STUSCHK1  |e AACR2 
100 1 |a Hapčo, Dávid 
245 1 |a Štúdium génov kódujúcich biosyntézu tylozínu  |b diplomová práca  |c Dávid Hapčo 
260 |a Bratislava  |b FCHPT STU  |c 2016 
500 |a Študijný program: biotechnológia 
500 |a Študijný odbor: biotechnológie 
500 |a Školiace pracovisko: Ústav biotechnológie 
500 |a Evid. číslo: FCHPT-5421-42689 
910 |a SCHK95 
999 |c 7438  |d 7438